Στοιχεία του πλαισίου σχεδιασμού : μελέτη περίπτωσης Θεσσαλονίκης : πτυχιακή εργασία

Αποθηκεύτηκε σε:
Λεπτομέρειες βιβλιογραφικής εγγραφής
Κύριος συγγραφέας: Βιτάνογλου, Δημήτρης
Συγγραφή απο Οργανισμό/Αρχή: Πανεπιστήμιο Αιγαίου. Σχολή Κοινωνικών Επιστημών. Τμήμα Γεωγραφίας
Άλλοι συγγραφείς: Τσιλιμίγκας, Γεώργιος (Εισηγητής διατριβής)
Μορφή: Thesis Βιβλίο
Γλώσσα:Greek
Δημοσίευση: 2014
Θέματα:
Διαθέσιμο Online:http://hdl.handle.net/11610/6160
Ετικέτες: Προσθήκη ετικέτας
Δεν υπάρχουν, Καταχωρήστε ετικέτα πρώτοι!

MARC

LEADER 00000cam a2200000 i 4500
001 1/67480
008 150219s2014 gre d
035 |l 10121174 
040 |a GR-MY-UA  |b gre  |e aacr 
041 0 |a gre 
082 0 |a 711.4  |2 (22) 
100 1 |a Βιτάνογλου, Δημήτρης. 
245 1 0 |a Στοιχεία του πλαισίου σχεδιασμού :  |b μελέτη περίπτωσης Θεσσαλονίκης : πτυχιακή εργασία /  |c Βιτάνογλου Δημήτρης ; Τσιλιμίγκας Γεώργιος (επιβλέπων) 
260 |c 2014 
300 |a 91 σ.;  |b εικ.;  |c 30 εκ. 
502 |a Πτυχιακή εργασία – Πανεπιστήμιο Αιγαίου, Λέσβος, 2014. 
504 |a Βιβλιογραφία: σ. 79-80, παράρτημα 
650 0 0 |a City planning  |z Greece  |z Thessalonike. 
650 0 |a Urbanization  |z Greece  |z Thessalonike. 
650 0 0 |a Dissertations, Academic  |z Greece. 
700 1 |a Τσιλιμίγκας, Γεώργιος.  |4 ths 
710 2 |a Πανεπιστήμιο Αιγαίου.   |b Σχολή Κοινωνικών Επιστημών.   |b Τμήμα Γεωγραφίας. 
852 |a INST  |b LESVOS  |c DIATR  |e 20150219  |h 867  |p 005100055990  |q 005100055990  |t DIE  |y 23 
852 |a INST  |b LESVOS  |c DIATR  |e 20150219  |h 868  |p 005100055989  |q 005100055989  |t DIE  |y 23 
856 |u http://hdl.handle.net/11610/6160 
901 |a BIBL1-2015-1 
909 |a Λ  |b 192841 
909 |a Λ  |b 192842 
924 |a ΒΙΤΑΝΟΓΛΟΥ  |b ΔΗΜΗΤΡΗΣ  |y ΛΕΣΒΟΣ  |z 2014-11 
970 |a ΤΖΑΦΕΡΗ  |b ΕΥΑΓΓΕΛΙΑ  |z 2015/02/19